00355nam a2200133Ia 45000010005000000080041000050200018000460820019000641000018000832450056001012600021001579010028001789990015002061827241024s9999 xx 000 0 und d a84-8400-991-2 aRD/460/V857l/4 aVincens Vives 0aLengua y Literatura. Cuaderno de actividades. Gua 4 bEd. Tallerc1999 a29/9/2011 10:10:45 a.m. c8227d8227